|
|
|
|
| LEADER |
01032nas a22002057i 4500 |
| 003 |
GR-PaULI |
| 008 |
200721u19859999gr uu|p |||| 00| b gre d |
| 952 |
|
|
|0 0
|1 0
|2 ddc
|4 0
|6 889_050000000000000
|7 1
|9 328289
|a LISP
|b LISP
|d 2021-09-08
|e ΠΑΤ
|i ΠΑΤ 473
|l 0
|o 889.05
|r 2021-09-08 00:00:00
|w 2021-09-08
|y JNL
|
| 999 |
|
|
|c 183934
|d 183934
|
| 040 |
|
|
|a GR-PaULI
|b gre
|e AACR2
|c GR-PaULI
|
| 082 |
0 |
4 |
|a 889.05
|2 23
|
| 245 |
0 |
0 |
|a Πολιτιστική :
|b έκδοση του συλλόγου υπαλλήλων της Εθνικής Τράπεζας
|
| 260 |
|
|
|a Αθήνα :
|b Σύλλογος Υπαλλήλων Εθνικής Τράπεζας της Ελλάδος
|
| 300 |
|
|
|a τχ. :
|c 24 εκ.
|b εικ. ;
|
| 310 |
|
|
|a Άγνωστη
|
| 588 |
|
|
|a Η περιγραφή βασίζεται στo τεύχος 19 (1989).
|
| 650 |
|
0 |
|a Ελληνική λογοτεχνία
|x Περιοδικά
|9 181113
|
| 866 |
|
|
|a τχ. 12-13 (1985)-τχ. 14-15 (1986)-τχ. 16 (1987)-τχ.17 (1988)-τχ. 18-19 (1989)
|
| 942 |
|
|
|2 ddc
|c JNL
|
| 998 |
|
|
|c ΙΩΑΝΝΟΥ
|d 2021-09
|